Nutrition for developing countries with special reference to the maize, cassava and millet areas of Africa

Uloženo v:
Podrobná bibliografie
Médium: Kniha
Jazyk:Undetermined
Vydáno: London Oxford Univ 1972
Témata:
Tagy: Přidat tag
Žádné tagy, Buďte první, kdo otaguje tento záznam!
Thư viện lưu trữ: Trung tâm Học liệu Trường Đại học Cần Thơ
LEADER 00515nam a2200157Ia 4500
001 CTU_7765
008 210402s9999 xx 000 0 und d
082 |a 612.3 
082 |b N976 
245 0 |a Nutrition for developing countries with special reference to the maize, cassava and millet areas of Africa 
260 |a London 
260 |b Oxford Univ 
260 |c 1972 
650 |a developing countries,nutrition 
904 |i Nguyễn Huỳnh Mai, 960829 
980 |a Trung tâm Học liệu Trường Đại học Cần Thơ